书目信息 |
| 题名: |
巧摆牤牛阵
|
|
| 作者: | 郝艳霞 整理编写 | |
| 分册: | ||
| 出版信息: | 哈尔滨 黑龙江人民出版社 1981 |
|
| 页数: | 245页 | |
| 开本: | 19cm | |
| 丛书名: | 长篇大书《杨家将》 | |
| 单 册: | ||
| 中图分类: | I239.87 | |
| 科图分类: | ||
| 主题词: | 评话--中国--现代 | |
| 电子资源: | ||
| ISBN: | 10093.413 | |
| 000 | 00699oam2 2200253 450 | |
| 001 | 0181002027 | |
| 005 | 20100712215954.0 | |
| 010 | @a10093.413@dCNY0.67 | |
| 091 | @a10093.413 | |
| 100 | @a19950315d1981 em y0chiy0120 ea | |
| 101 | 0 | @achi |
| 102 | @aCN@b230000 | |
| 105 | @ay z 000by | |
| 106 | @ar | |
| 200 | 1 | @a巧摆牤牛阵@9Qiao Bai mang Niu Zhen @f郝艳霞整理编写 |
| 210 | @a哈尔滨@c黑龙江人民出版社@d1981 | |
| 215 | @a245页@d19cm | |
| 225 | 2 | @a长篇大书《杨家将》@v3 |
| 461 | 0 | @12001 @a长篇大书《杨家将》 |
| 606 | 0 | @a评话@y中国@z现代 |
| 690 | @aI239.87@v3 | |
| 701 | 0 | @a郝艳霞@9hao yan xia@4整理编写 |
| 801 | 0 | @aCN@bAzMarc@c20130904 |
| 905 | @aBZT@dI239.87@e3@f1@sI239.87/3 | |
| 巧摆牤牛阵/郝艳霞整理编写.-哈尔滨:黑龙江人民出版社,1981 |
| 245页;19cm.-(长篇大书《杨家将》;3) |
| ISBN 10093.413:CNY0.67 |
| ● |
| 相关链接 |
|
|
|
正题名:巧摆牤牛阵
索取号:I239.87/3
 
预约/预借
| 序号 | 登录号 | 条形码 | 馆藏地/架位号 | 状态 | 备注 |
| 1 | 2000077106 | 2000077106 | 旧书回溯/ [索取号:I239.87/3] | 在馆 |